000
00302nam a2200121Ia 4500
008
191201s2004 xx 000 0 und d
100
_a
GOKARNESHAN, N
245
0
_a
Useful Formulae in Textile Calculations
260
_c
2004
_b
NCUTE-IIT DELHI
300
_a
176
650
_a
B.Tech(TE)
942
_2
ddc
_c
BK
999
_c
6803
_d
6803